|
|
|
|
| LEADER |
00000nam2a2200000 4500 |
| 001 |
261932 |
| 005 |
20231101233616.0 |
| 020 |
|
|
|a RU
|b 86-102141
|
| 035 |
|
|
|a (RuTPU)RU\TPU\book\284914
|
| 090 |
|
|
|a 261932
|
| 100 |
|
|
|a 20140528d1986 k y0rusy5003 ca
|
| 101 |
0 |
|
|a rus
|
| 102 |
|
|
|a UA
|
| 105 |
|
|
|a a z 001zy
|
| 200 |
0 |
|
|a Т. 1 : Дифракционные решетки
|f В. П. Шестопалов [и др.]
|
| 210 |
|
|
|d 1986
|
| 215 |
|
|
|a 232 с.
|c ил.
|
| 320 |
|
|
|a Библиогр.: с. 217-228.
|
| 461 |
|
1 |
|0 (RuTPU)RU\TPU\book\289574
|t Резонансное рассеяние волн
|o в 2 т.
|f Академия наук Украинской ССР (АН УССР), Институт радиофизики и электроники
|v Т. 1 : Дифракционные решетки
|d 1986
|
| 606 |
1 |
|
|a Электромагнитные волны
|x Распространение
|2 stltpush
|3 (RuTPU)RU\TPU\subj\20173
|9 45294
|
| 610 |
1 |
|
|a рассеяние
|
| 610 |
1 |
|
|a периодические структуры
|
| 610 |
1 |
|
|a дифракция
|
| 610 |
1 |
|
|a ленточные решетки
|
| 610 |
1 |
|
|a эффект Малюжинца
|
| 610 |
1 |
|
|a дифракционные свойства
|
| 610 |
1 |
|
|a отражение
|
| 610 |
1 |
|
|a поляризационные свойства
|
| 675 |
|
|
|a 537.87
|v 3
|
| 701 |
|
1 |
|a Шестопалов
|b В. П.
|g Виктор Петрович
|
| 701 |
|
1 |
|a Кириленко
|b А. А.
|g Анатолий Афанасьевич
|
| 701 |
|
1 |
|a Масалов
|b С. А.
|g Сергей Александрович
|
| 701 |
|
1 |
|a Сиренко
|b Ю. К.
|g Юрий Константинович
|
| 801 |
|
0 |
|a RU
|b RuMRKP
|c 19950417
|g psbo
|
| 801 |
|
1 |
|a RU
|b 63413507
|c 20140528
|
| 801 |
|
2 |
|a RU
|b 63413507
|c 20160220
|g RCR
|
| 942 |
|
|
|c BK
|